000 00322nam a2200133Ia 4500
008 191201s2008 xx 000 0 und d
082 _a621
_bMEP
100 _aMEHTA, V K
245 0 _aPrinciples of Electronics
260 _aN.Delhi
_bS Chand and Co. Ltd.
_c2008
300 _a619
650 _aB.Tech(ECE)
942 _2ddc
_cBK
999 _c848
_d848